|
|
|
|
| LEADER |
00000cam a2200000 a 4500 |
| 001 |
vtls008380156 |
| 003 |
SK-MaSNL |
| 005 |
20260301042655.0 |
| 008 |
200228s1910 hu a grf 000 0 slo |
| 015 |
|
|
|a SNBA19011918-001027
|
| 020 |
|
|
|q (brožované)
|
| 035 |
|
|
|a SK01SNKBSKFE20010072373
|
| 035 |
|
|
|a urn:nbn:sk:snk-am3hzsv
|
| 035 |
|
|
|a B78C5E6F-5E23-480C-9D42-0ECA1C45B9C6
|
| 035 |
|
|
|a urn:nbn:sk:snk-am00detc
|
| 035 |
|
|
|a SKM000074836
|
| 040 |
|
|
|a SNK
|b slo
|c SNK
|e AACR2
|
| 041 |
0 |
|
|a slo
|
| 044 |
|
|
|a hu
|c HU
|
| 080 |
|
|
|a 638.1
|2 2011
|
| 080 |
|
|
|a (035)
|2 2011
|
| 100 |
1 |
|
|a Kovács, Anton
|4 aut
|9 346291
|
| 245 |
1 |
0 |
|a Včelárenie
|c napísal Anton Kovács
|
| 260 |
|
|
|a Budapest
|b [s.n.]
|c [o. 1910]
|e Budapest
|f Franklin-Társulat
|
| 300 |
|
|
|a 27 strán
|b ilustrácie
|c 21 cm
|
| 500 |
|
|
|a Názov z obálky
|
| 650 |
0 |
7 |
|a včelárstvo
|2 SNKPH
|9 3997
|
| 655 |
|
7 |
|a príručky
|2 SNKPH
|9 74364
|
| 752 |
|
|
|a Maďarsko
|d Budapešť
|
| 852 |
|
|
|a Slovenská národná knižnica v Martine
|b 10000
|h MS SC 446/16
|
| 852 |
|
|
|a Univerzitná knižnica v Bratislave
|b 300000
|h SE 1329
|
| 958 |
|
|
|a ONDV
|
| 958 |
|
|
|a RK
|
| 958 |
|
|
|a TL
|
| 999 |
|
|
|c 591578
|d 593508
|
| 952 |
|
|
|a SNK
|b SNK
|y PREZ
|7 0
|p 17A0798836
|o snkSC 9962
|i snkKSF 2869/57
|8 5
|0 0
|1 0
|4 0
|d 2012-08-23
|f 1
|l 0
|r 2025-07-09 00:00:00
|w 2026-02-23
|
| 952 |
|
|
|a SNK
|b SNK
|y VYP
|7 0
|p 17A0579753
|o snkSC 9962 D1
|i snk2026/28
|8 0
|0 0
|1 0
|4 0
|d 2008-03-05
|l 0
|r 2026-02-23 15:26:49
|w 2026-02-23
|